Normal view
MARC view
Entry Personal Name
001 - CONTROL NUMBER
- control field: 11266
003 - CONTROL NUMBER IDENTIFIER
- control field: BD-RjUL
005 - DATE AND TIME OF LATEST TRANSACTION
- control field: 20240130113814.0
008 - FIXED-LENGTH DATA ELEMENTS
- fixed length control field: 240130|| aca||aabn | a|a d
040 ## - CATALOGING SOURCE
- Original cataloging agency: BD-RjUL
- Transcribing agency: BD-RjUL
100 ## - HEADING--PERSONAL NAME
- Personal name: نولدكه، ثيودور، ;; Noldeke, Theodore,
- Dates associated with a name: 1836-1930
670 ## - SOURCE DATA FOUND
- Source citation: Work cat.: (BD-RjUL)82861: نولدكه، ثيودور، ;; Noldeke, Theodore, 1836-1930 مؤلف, حماسه ملى ايران /hamasah malaa ayaran /